| 000 | 02150nam a2200313 i 4500 | ||
|---|---|---|---|
| 003 | DO-SdBNP | ||
| 005 | 20240705093136.0 | ||
| 007 | ta | ||
| 008 | 240527e2023 dr a c|| |||| 00| e spa d | ||
| 020 | _a9789945250596 | ||
| 040 |
_aDO-SdBNP _bspa _cBNPHU _erda |
||
| 082 | 4 | _222 | |
| 111 | 2 |
_aSeminario Internacional Santo Domingo 1821 - 2021. _n(1: _d2021: _cSanto Domingo, República Dominicana) _985560 |
|
| 245 | 1 | 0 |
_aSeminario Internacional Santo Domingo 1821 - 2021 : _bbicentenario de la independencia efímera, memorias / _cedición, Dario Tejada |
| 246 | 1 | 3 |
_aSeminario Internacional Santo Domingo 1821 - 2021 : _bmemorias. |
| 264 | 1 |
_aSanto Domingo : _bArchivo General de la Nación, _c2023. |
|
| 300 |
_a391 páginas : _bilustraciones y retratos ; _c25 cm. |
||
| 336 |
_2rdacontent _atexto _btxt |
||
| 337 |
_2rdamedia _asin mediación _bn |
||
| 338 |
_2rdacarrier _avolumen _bnc |
||
| 490 |
_aArchivo General de la Nación ; _v473 |
||
| 500 | _aIncluye referencias bibliográficas y notas al pie de las páginas. | ||
| 504 | _aBibliografía : páginas 387 - 388 | ||
| 505 |
_aA modo de presentación. _tPalabras de agradecimiento / _rRaymundo González.-- _tPalabras introductorias / _rJosé Chez Checo.-- _t1. Santo Domingo : De la Monarquía Hispánica a la Primera Independencia.-- _t2. Contexto Internacional del Caribe y Crisis Coloniales en el Santo Domingo Español.-- _t3. Repercusiones de la Revolución Haitiana en Santo Domingo en la época de la Proclamación del Estado Independiente de Haití Español integrado a la Gran Colombia.-- _t4. Proceso Político, Ideologías y Proyectos sociopolíticos en las luchas de Independencia en Latinoamerica y el Caribe: Sus proyecciones.-- _t5. La Independencia Efímera de 1821 en el Proceso de Independencia Dominicana.-- _t 6. Debate Histórico sobre la Independencia Efímera, Problemas de Historia Comprada y Feuntes de Invetigación en torno al Caribe en 1821.-- _t7. Estudio Genealógico sobre Protagonistas de la Primera Independencia de Santo Domingo. |
||
| 590 | _aInventariado 2024 / BT | ||
| 700 | 1 |
_aTejeda, Dario, _910145 _eedición |
|
| 910 | _aBtavárez | ||
| 942 |
_2ddc _cLBS1 |
||
| 999 |
_c56758 _d56758 |
||